Cobol : a primer and programming guide
| Main Author: | |
|---|---|
| Other Authors: | |
| Format: | Book |
| Published: |
Massachusetts :
Addison-Wesley Publishing ,
1986
|
| Subjects: |
MARC
| LEADER | 00000cam a2200000 7i4500 | ||
|---|---|---|---|
| 001 | 0000000421 | ||
| 002 | 000000498 | ||
| 005 | 20000330.0 | ||
| 020 | |a 0201163101 | ||
| 090 | 0 | 0 | |a 001.6424 |b OVE |
| 100 | 1 | |a OVERBEEK, Ross A. | |
| 245 | 1 | 0 | |a Cobol : |b a primer and programming guide |c Ross A. Overbeek and W. E. Singletary |
| 260 | |a Massachusetts : |b Addison-Wesley Publishing , |c 1986 | ||
| 300 | |a 393 p. | ||
| 650 | 0 | 0 | |a Cactus# |a Succulents |
| 700 | 1 | |a SINGLETARY, Wilson E. | |
| 999 | |a 0004390 |b BUKU |c RUJUKAN |e PERPUSTAKAAN KOMUNITI PETALING JAYA | ||